What's My Name!? Quiz Stats

Quiz Updated Jun 29, 2012

Challenge
Share
Tweet
Embed
Score 0/24 Timer 03:00
0 Plays Today
% Correct
Miley Cyrus
92.9%
Chuck Norris
87.7%
Nicolas Cage
87.1%
Jon Bon Jovi
86.2%
Natalie Portman
84.2%
Sophia Loren
81.3%
Eminem
78.6%
Jackie Chan
78.6%
Charlie Sheen
77.6%
Ritchie Valens
75.2%
Christie Brinkley
74.4%
Bruce Lee
73.1%
% Correct
Cher
71.4%
Faith Hill
69.9%
Jon Stewart
69.6%
Demi Moore
65.4%
Woody Allen
59.6%
Bob Dylan
57.5%
P!nk
52.7%
Vanilla Ice
45.5%
John Wayne
43.1%
Sting
42.5%
Cary Grant
41.3%
Bono
38%

You're not logged in!

Compare scores with friends on all Sporcle quizzes.
Join for Free
OR
Log In

You Might Also Like...

Show Comments

Extras

Top Quizzes Today


Score Distribution

Your Account Isn't Verified!

In order to create a playlist on Sporcle, you need to verify the email address you used during registration. Go to your Sporcle Settings to finish the process.

Report this User

Report this user for behavior that violates our Community Guidelines.

Details: